LEADER 01267nam a2200277 u 4500 001 000000113824 003 CaOOAMICUS 005 20081110124234.0 008 081110s2007 nyu u000 u eng r 020 $a0-230-60025-5 040 $aPUL$bita$dLDB 245 04$aThe catholic Churc and unruly women writers :$bcritical essays /$cedited by Jeana DelRosso, Leigh Eicke and Ana Kothe. 260 $aNew York :$bPalgrave Macmillan,$cc2007. 300 $aix, 253 p. ;$c21 cm 504 $aBibliografia : p. 305-313. 650 4$aDonne nel cristianesimo.$0(OLS)http://pul/subject/9377 650 14$aChiesa cattolica e cultura.$0(OLS)http://pul/subject/29310 700 1 $aDelRosso, Jeana.$0(OLS)http://pul/name/70208 700 1 $aEicke, Leigh.$0(OLS)http://pul/name/70209 700 1 $aKothe, Ana.$0(OLS)http://pul/name/70210 850 $aPUL 852 $aPUL$W1$xSL Cons. Gen., Altre Classi 3$y75$m809 DELJE 1$j130026$qDDC 21$B129103$CPULBib$Z2$F129103 $H108740 $82 941 1 $a9 996 $6020$a0-230-60025-5$9(OLS)http://pul/number/139133 996 $6245$aThe catholic Churc and unruly women writers :$bcritical essays$9(OLS)http://pul/title/143035 996 $6260$aNew York :$bPalgrave Macmillan$9(OLS)http://pul/publisher/75784 LEADER 01009nam a2200241 a 4500 001 000000137736 003 CaOOAMICUS 005 20150720103410.0 008 140313s1993 it b u000 u ita r 020 $a88-384-2052-1 040 $aPUL$bita 100 1 $aPacomio, Luciano,$cVescovo di Mondovì,$d1941 -$0(OLS)http://pul/name/5936 245 13$aLa Bibbia per la vita :$b50 tappe con l'evento, la preghiera, l'impegno /$cLuciano Pacomio. 260 $aCasale Monferrato :$bPiemme,$c1993. 300 $a352 p.$bc. geogr.$c21 cm 630 04$aBiblia$xMeditazioni.$0(OLS)http://pul/subject/22029 850 $aPUL 852 $aPUL$W1$xDP1 Fondo E. Rossi$y115$m7 A 60$j158774$qFondi$B158300$CPULBib$Z2$F158300 $82 941 1 $a1 996 $6020$a88-384-2052-1$9(OLS)http://pul/number/154797 996 $6245$aLa Bibbia per la vita :$b50 tappe con l'evento, la preghiera, l'impegno$9(OLS)http://pul/title/174407 996 $6260$aCasale Monferrato :$bPiemme$9(OLS)http://pul/publisher/51813